Digitization of the Construction Industry in the Czech Republic

Problematika inovácií v stavebníctve, ktorá je spojená s postupnou digitalizáciou celého sektora za účelom zefektívnenia pracovných procesov, úspory času a nákladov. Problematika implementácie BIM (Building Information Modeling - informačný model budovy) a celkovej transformácie stavebného priemyslu...

Descrizione completa

Salvato in:
Dettagli Bibliografici
Autore principale: Rudl, Lukas
Natura: Capitolo di libro
Lingua:inglese
Soggetti:
Tags: Aggiungi Tag
Nessun Tag, puoi essere il primo ad aggiungerne!!

MARC

LEADER 00000naa a2200000 4500
001 0277663
005 20211025153939.4
041 0 |a eng 
044 |a CZ 
245 1 0 |a Digitization of the Construction Industry in the Czech Republic  |c Lukas Rudl 
520 |a Problematika inovácií v stavebníctve, ktorá je spojená s postupnou digitalizáciou celého sektora za účelom zefektívnenia pracovných procesov, úspory času a nákladov. Problematika implementácie BIM (Building Information Modeling - informačný model budovy) a celkovej transformácie stavebného priemyslu na základe schválenej inovačnej stratégie stavebného priemyslu v Českej republike 2019-2030. 
610 2 0 |a priemysel 
610 2 0 |a stavebníctvo 
610 2 0 |a digitalizácia 
610 2 0 |a Česko 
610 2 0 |a inovácia 
100 1 |a Rudl, Lukas